Assessing local capacity for federal grant-getting (Record no. 81231)

000 -LEADER
fixed length control field 01265pab a2200181 454500
008 - FIXED-LENGTH DATA ELEMENTS--GENERAL INFORMATION
fixed length control field 180718b2008 xxu||||| |||| 00| 0 eng d
100 ## - MAIN ENTRY--PERSONAL NAME
Personal name Hall, Jeremy L.
245 ## - TITLE STATEMENT
Title Assessing local capacity for federal grant-getting
260 ## - PUBLICATION, DISTRIBUTION, ETC.
Date of publication, distribution, etc. 2008
300 ## - PHYSICAL DESCRIPTION
Extent p.463-79.
362 ## - DATES OF PUBLICATION AND/OR SEQUENTIAL DESIGNATION
Dates of publication and/or sequential designation Dec
520 ## - SUMMARY, ETC.
Summary, etc. Local areas, consisting of governments, special districts, and nonprofits, benefit from the receipt and use of federal funds in support of local programs and projects. This study examines the combined effects of political and administrative capacity factors that influence flows of federal grant funds into local areas. the effects of these capacity dimensions are measured and tested using pooled cross-sectional time-series analysis. The results indicate clearly that institutional measures of capacity must take into account not only political dimensions but also administrative and need/demand dimensions. These results help to explain the disparity observed between high- and low-capacity areas and provide some general lessons for enhancing local grant-getting capacity under differing conditions. - Reproduced.
650 ## - SUBJECT ADDED ENTRY--TOPICAL TERM
Topical term or geographic name entry element Public administration
650 ## - SUBJECT ADDED ENTRY--TOPICAL TERM
Topical term or geographic name entry element Grants
773 ## - HOST ITEM ENTRY
Main entry heading American Review of Public Administration
908 ## - PUT COMMAND PARAMETER (RLIN)
Put command parameter N
909 ## -
-- 81231
Holdings
Withdrawn status Lost status Damaged status Not for loan Permanent Location Current Location Date acquired Serial Enumeration / chronology Barcode Date last seen Price effective from Koha item type
        Indian Institute of Public Administration Indian Institute of Public Administration 2018-07-19 Volume no: 38, Issue no: 4 AR81691 2018-07-19 2018-07-19 Articles

Powered by Koha